00582nam a22001455i 4500001000700000003000900007005001700016008004100033040003000074100003500104245016200139260005900301300002700360852004900387162920ES-MaACL20251014063234.0010321s1865 sp |||| | spa d aCCPB | B bspa cCCPB | B1 aRamírez, Javier de, dm.187013aLa caja de Pandora b: estudios filosóficos, político-satíricos, literarios, artísticos, de costumbres y de viajes / coriginales de J. de Ramírez. aMadrid : blibrería de Don Leocadio López, c1865. aVII, 323 p. ; c18 cm. aES-MaACLjD-3563 z.- Legado M. de la Fuente